00345 a2200109 4500090001500000100002800015245003400043260001300077942002300090999001900113952010300132 c1701d1701 aBrig (R) Mumtaz Hussain aLet Us Have Mercy on Pakistan aPaiistan aNBScBKk954.9 HUS c344216d344216 00104070aCLbCLd2013-08-28l4m2o954.9 HUSpNBSD-1271r2022-04-02s2021-12-24w2013-08-28yBK